[Event "ch-SUI Playoff"]
[Site "Samnaun SUI"]
[Date "2008.07.18"]
[Round "1"]
[White "Jenni,F"]
[Black "Ekstroem,R"]
[Result "1/2-1/2"]
[WhiteElo "2544"]
[BlackElo "2469"]

1.e4 d5 2.exd5 Qxd5 3.Nc3 Qd6 4.d4 c6 5.Bc4 Nf6 6.Nge2 Bf5 7.Bf4 Qb4 8.Bb3 e6
9.O-O Nbd7 10.Re1 Be7 11.Bc7 Bd8 12.a3 Qe7 13.Bg3 O-O 14.Nf4 Nb6 15.Qf3 Bc7
16.h3 Rad8 17.Rad1 Rfe8 18.Nfe2 Bxg3 19.Nxg3 Bg6 20.Nce2 Qc7 21.h4 h6 22.Nf4 Bh7
23.Ngh5 Nxh5 24.Nxh5 Nd5 25.c3 Bg6 26.Bxd5 Bxh5 27.Qxh5 Rxd5 28.Re5 Red8
29.Rde1 c5 30.Rxd5 Rxd5 31.Re5 cxd4 32.Rxd5 exd5 33.Qxd5 dxc3 34.bxc3 Qxc3
35.Qxb7 Qe1+ 36.Kh2 Qxf2 37.Qa8+ Kh7 38.Qe4+ f5 39.Qc4 Qe3 40.a4 Qe4 41.Qxe4 fxe4
42.Kg3 Kg6 43.Kg4 a5 44.g3 e3 45.Kf3 Kh5 46.Kxe3 Kg4 47.Kf2 Kf5 48.Ke3 h5
49.Kf3 g6 50.g4+ Ke5 51.gxh5 gxh5 52.Ke3 Kf5 53.Kf3 Ke5  1/2-1/2

[Event "17th ch-MKD"]
[Site "Struga MKD"]
[Date "2008.07.18"]
[Round "5"]
[White "Vukelic,Z"]
[Black "Andonovski,L"]
[Result "0-1"]
[WhiteElo "2001"]
[BlackElo "2300"]

1.e4 d5 2.exd5 Qxd5 3.Nc3 Qd6 4.g3 Nc6 5.Bg2 Nf6 6.h3 e5 7.d3 Bf5 8.Be3 O-O-O
9.Nge2 Qe6 10.Qd2 Bb4 11.a3 Ba5 12.b4 Bb6 13.Na4 h5 14.Nxb6+ axb6 15.Nc3 Rd7
16.O-O-O e4 17.d4 Rhd8 18.Nb5 Ne5 19.Qc3 Nd5 20.Qb3 Nxe3 21.fxe3 Nd3+ 22.Kd2 Qxb3
23.cxb3 Nf2 24.Rhf1 Nxd1 25.Rxf5 c6 26.Na7+ Kb8 27.Nxc6+ bxc6 28.Kxd1 Re7
29.Rxh5 Rd5 30.Rh8+ Kb7 31.Kc2 Rg5 32.g4 f5 33.Rh4 Kc7 34.Kc3 Re8 35.a4 Kd6
36.Bf1 g6 37.b5 fxg4 38.hxg4 Rf8 39.Bg2 cxb5 40.Bxe4 Rc8+ 41.Kd2 b4 42.Bd3 Kd5
43.Bc4+ Ke4 44.Bd3+ Kf3 45.Be2+ Kg3 46.Rh7 Rc3 47.Bd1 Rd5 48.Rf7 Rd6 49.Rf8 g5
50.Rf3+ Kg2 51.Rf5 Re6 52.Rxg5 Rexe3 53.Bc2 Rf3 54.Rf5 Rg3 55.g5 Kh3 56.Be4 Rxb3
57.Rb5 Rb2+ 58.Kc1 Rf2 59.Bc2 Rc3 60.Rxb4 Rcxc2+ 61.Kb1 Rce2 62.Rc4 Rg2 63.d5 Rxg5
64.d6 Rg1+ 65.Rc1 Rxc1+ 66.Kxc1 Re6  0-1

[Event "ch-AUT"]
[Site "Leoben AUT"]
[Date "2008.07.19"]
[Round "1"]
[White "Kreisl,R"]
[Black "Pfaffel,T"]
[Result "1-0"]
[WhiteElo "2337"]
[BlackElo "2144"]

1.e4 d5 2.exd5 Qxd5 3.Nc3 Qd6 4.d4 c6 5.Nf3 Bg4 6.Be2 Nf6 7.h3 Bh5 8.g4 Bg6
9.Ne5 Ne4 10.Bf4 Qb4 11.a3 Nxc3 12.axb4 Nxd1 13.Kxd1 e6 14.b5 f6 15.Nc4 Nd7
16.bxc6 bxc6 17.Bf3 Rc8 18.Rxa7 c5 19.Bb7  1-0

[Event "19th Czech Chladek & Tintera A Open"]
[Site "Pardubice CZE"]
[Date "2008.07.20"]
[Round "3"]
[White "Grandelius,N"]
[Black "Ptacnikova,L"]
[Result "1-0"]
[WhiteElo "2366"]
[BlackElo "2259"]

1.e4 d5 2.exd5 Qxd5 3.Nc3 Qd6 4.d4 Nf6 5.Nf3 a6 6.g3 Bg4 7.Bg2 Nc6 8.O-O O-O-O
9.d5 Ne5 10.Bf4 Nxf3+ 11.Bxf3 Bxf3 12.Qxf3 e5 13.Bg5 Rd7 14.Rfd1 h6 15.Bxf6 Qxf6
16.Qe3 Kb8 17.Ne4 Qb6 18.Qf3 Qg6 19.b4 f5 20.Nc5 Rd6 21.c4 Be7 22.Ne6 h5
23.Rab1 h4 24.c5 Rd7 25.b5 a5 26.c6 Rd6 27.b6 cxb6 28.Rxb6  1-0

[Event "31st Taminco Open"]
[Site "Ghent BEL"]
[Date "2008.07.21"]
[Round "5"]
[White "Van de Wynkele,R"]
[Black "Rogmans,J"]
[Result "1-0"]
[WhiteElo "2171"]
[BlackElo "1958"]

1.e4 d5 2.exd5 Qxd5 3.Nc3 Qd6 4.d4 Nf6 5.Nf3 a6 6.h3 b5 7.a3 Bb7 8.Be2 e6
9.O-O Nbd7 10.Re1 Be7 11.Be3 O-O 12.Bf1 Rfd8 13.Qe2 Nb6 14.Nd2 Nbd5 15.Nce4 Qd7
16.Nxf6+ Nxf6 17.Rad1 Rac8 18.c4 bxc4 19.Nxc4 Nd5 20.Ne5 Qa4 21.Qh5 g6 22.Qf3 Bf6
23.Ng4 Bg7 24.Nh6+ Bxh6 25.Bxh6 Qd7 26.Rd3 c5 27.dxc5 Rxc5 28.Red1 Qe7 29.Rb3 Rc7
30.Qg3 Rdc8 31.Rf3 Nf6 32.Rb3 Nd5 33.Rxb7 Rxb7 34.Bxa6 Rcc7 35.Bxb7 Rxb7
36.Qe5 f6 37.Qe2 Rd7 38.Qb5 Kf7 39.Be3 Rb7 40.Qe2 Qc7 41.Rc1 Qe5 42.Rc2 Rb3
43.Qa6 g5 44.Qa7+ Kg6 45.Bd4 Qe1+ 46.Kh2 Rd3 47.Rc8 Kh6 48.Rg8 Qe4 49.Qg7+  1-0

[Event "XXVI Andorra Open"]
[Site "La Massana AND"]
[Date "2008.07.21"]
[Round "3"]
[White "Huerga Leache,M"]
[Black "Garcia,Rau"]
[Result "1-0"]
[WhiteElo "2433"]
[BlackElo "2254"]

1.e4 d5 2.exd5 Qxd5 3.Nc3 Qd6 4.d4 Nf6 5.Nf3 a6 6.g3 Bg4 7.Bg2 Nc6 8.O-O O-O-O
9.d5 Ne5 10.Bf4 Nxf3+ 11.Bxf3 Bxf3 12.Qxf3 e5 13.dxe6 Qxe6 14.Bg5 Bd6 15.Rfe1 Be5
16.Ne4 Rhe8 17.Nc5 Qd5 18.Qxd5 Rxd5 19.Bxf6 gxf6 20.Nd3 Re6 21.f4 Bd6 22.Rad1 c6
23.Kf1 b5 24.Re2 c5 25.Nf2 Rxd1+ 26.Nxd1 Kd7 27.Ne3 Kc6 28.Ng4 Rxe2 29.Kxe2 Be7
30.Kd3 Kd5 31.Ne3+ Ke6 32.Ke4 Bf8 33.f5+ Kd6 34.Ng4 Bg7 35.h4 c4 36.Kd4 Kc6
37.a4 Kd6 38.Nf2 Kc6 39.Ne4 Bf8 40.g4 Be7 41.g5 fxg5 42.axb5+ axb5 43.hxg5 Bf8
44.Ke5 Bg7+ 45.f6 Bf8 46.Nf2 Kc5 47.Ng4 b4 48.Nh6 b3 49.cxb3 cxb3 50.Nxf7 Kc6
51.Ke6 Kc5 52.Ne5 Kd4 53.Nc6+ Ke4 54.Ne7 Kd3 55.Kf7 Kc2 56.Kxf8 Kxb2 57.Kg7  1-0

[Event "XXVI Andorra Open"]
[Site "La Massana AND"]
[Date "2008.07.21"]
[Round "3"]
[White "Lillo Ferrer,J"]
[Black "Magem Badals,J"]
[Result "0-1"]
[WhiteElo "2200"]
[BlackElo "2500"]

1.e4 d5 2.Nc3 dxe4 3.Nxe4 Qd5 4.Nc3 Qd6 5.d4 Nf6 6.Nf3 a6 7.Ne5 Nc6 8.Bf4 Nxd4
9.Bc4 Ne6 10.Qf3 g6 11.Bg3 Qc5 12.O-O Bg7 13.Ne4 Qd4 14.Rfe1 O-O 15.Rad1 Qxb2
16.Nxf7 Rxf7 17.h4 Nd5 18.Qxf7+ Kxf7 19.Bxd5 Ke8 20.Ng5 Nxg5 21.hxg5 c6 22.Bd6 Bf8
23.Bb3 Bf5 24.Be5 Qa3 25.f3 Rd8 26.Rxd8+ Kxd8 27.g4 Bxc2 28.Bxc2 Qc5+  0-1

[Event "1st Open"]
[Site "Paleochora GRE"]
[Date "2008.07.21"]
[Round "1"]
[White "Tzouganakis,P"]
[Black "Milanovic,Da"]
[Result "0-1"]
[WhiteElo "1927"]
[BlackElo "2529"]

1.e4 d5 2.exd5 Qxd5 3.Nc3 Qd6 4.d4 Nf6 5.Nf3 a6 6.h3 b5 7.a3 Nbd7 8.g3 Bb7
9.Bf4 Qb6 10.Bg2 e6 11.O-O Bd6 12.Ne5 Bxg2 13.Kxg2 Qb7+ 14.Qf3 Qxf3+ 15.Kxf3 Nb6
16.Nd3 Bxf4 17.Kxf4 O-O-O 18.Ne5 Rxd4+ 19.Ke3 c5 20.Rfd1 Nbd5+ 21.Nxd5 Nxd5+
22.Kf3 Rxd1 23.Rxd1 c4 24.b3 cxb3 25.cxb3 Kb7 26.Rc1 Rd8 27.Ke2 f6 28.Nd3 Rd6
29.a4 bxa4 30.bxa4 Rc6 31.Rb1+ Kc7 32.Kd2 Rc4 33.Rc1 Rxc1 34.Kxc1 Kc6 35.Kc2 e5
36.Kb3 e4 37.Ne1 Kc5 38.Nc2 g5 39.Ne3 Nxe3 40.fxe3 f5 41.Kc3 Kd5 42.Kb3 Ke5
43.Kc3 f4 44.gxf4+ gxf4 45.exf4+ Kxf4 46.Kd2 Kf3 47.Ke1 a5 48.h4 h5 49.Kf1 e3
50.Ke1 e2 51.Kd2 Kf2  0-1

[Event "1st Open"]
[Site "Paleochora GRE"]
[Date "2008.07.21"]
[Round "1"]
[White "Holzke,F"]
[Black "Karteri,O"]
[Result "1-0"]
[WhiteElo "2516"]
[BlackElo "1904"]

1.e4 d5 2.exd5 Qxd5 3.Nc3 Qd6 4.d4 Nf6 5.Nf3 a6 6.g3 Nc6 7.Bf4 Qd8 8.Bg2 e6
9.O-O Bd6 10.Bg5 h6 11.Bxf6 Qxf6 12.Ne4 Qd8 13.Nxd6+ Qxd6 14.c3 O-O 15.Re1 b6
16.Nd2 Bb7 17.Qh5 Na5 18.Bxb7 Nxb7 19.Re5 Qc6 20.Rae1 Nd6 21.g4 Nc4 22.Nxc4 Qxc4
23.g5 hxg5 24.Rxg5 Qd3 25.Re3 Qh7 26.Qg4 f5 27.Qf4 Qh6 28.Kg2 Rac8 29.Reg3 Qf6
30.Rg6 Qe7 31.Qh6  1-0

[Event "19th Czech Chladek & Tintera A Open"]
[Site "Pardubice CZE"]
[Date "2008.07.22"]
[Round "5"]
[White "Erdogdu,M"]
[Black "Aepfler,C"]
[Result "1-0"]
[WhiteElo "2440"]
[BlackElo "2331"]

1.e4 d5 2.exd5 Qxd5 3.Nc3 Qd6 4.d4 Nf6 5.Nf3 a6 6.Bd3 Nc6 7.O-O Bg4 8.h3 Bh5
9.Ne4 Nxe4 10.Bxe4 e6 11.c3 Bg6 12.Qe2 Be7 13.Re1 Bxe4 14.Qxe4 O-O-O 15.Bg5 Qd5
16.Qxd5 Rxd5 17.Bxe7 Nxe7 18.c4 Rd6 19.d5 f6 20.dxe6 Nc6 21.Rad1 Rxd1 22.Rxd1 Rd8
23.Re1 Re8 24.Re3 Nd8 25.Nd4 g6 26.c5 Nc6 27.Nxc6 bxc6 28.Kf1 h5 29.h4 f5
30.f3 Kd8 31.Ra3 Rxe6 32.Rxa6 Kd7 33.Ra3 f4 34.Rd3+ Kc8 35.Rd4 Rf6 36.Ke2 Rf5
37.b4 g5 38.hxg5 Rxg5 39.Kf2 Rf5 40.a4 Kb7 41.g4 fxg3+ 42.Kxg3 Rf8 43.f4 Ra8
44.Kh4 Rxa4 45.f5  1-0

[Event "Dutch Open"]
[Site "Dieren NED"]
[Date "2008.07.23"]
[Round "2"]
[White "Ten Hertog,H"]
[Black "Van der Knijff,R"]
[Result "1/2-1/2"]
[WhiteElo "2133"]
[BlackElo "1998"]

1.e4 d5 2.exd5 Qxd5 3.Nc3 Qd6 4.Bc4 Nf6 5.d3 a6 6.Nge2 b5 7.Bb3 Bb7 8.f3 Nbd7
9.a3 e6 10.O-O Be7 11.Ng3 O-O 12.Qe2 c5 13.a4 Qb6 14.Be3 Rfd8 15.f4 Qc6 16.f5 Ng4
17.Bf4 c4 18.dxc4 bxc4 19.fxe6 cxb3 20.exd7 Rxd7 21.Nf5 Qc5+ 22.Ne3 Nxe3
23.Bxe3 Qc6 24.cxb3 Rd6 25.Qf3 Qxf3 26.gxf3 Rd3 27.Rae1 Bb4 28.Kg2 Re8 29.Bg5 Rxe1
30.Rxe1 Bxf3+ 31.Kf2 Bc6 32.Be7 Ba5 33.b4 Bc7 34.b5 axb5 35.axb5 Bd7 36.Bc5 Be6
37.b6 Bxh2 38.Ra1 h5 39.Ra5 Rd2+ 40.Ke1 Rxb2 41.Rb5 Bg3+ 42.Kd1 Bg4+ 43.Kc1 Rxb5
44.Nxb5 Bf3 45.Kd2 h4 46.Ke3 Bg2 47.Bd6 Be1 48.Bc7 h3 49.Ke2 Ba5 50.Kf2 f6
51.Nd6 Kf8 52.Bd8 Bb4 53.Bc7 Be1+ 54.Kg1 Bg3 55.Ne4 Bxe4  1/2-1/2

[Event "Dutch Open"]
[Site "Dieren NED"]
[Date "2008.07.24"]
[Round "3"]
[White "Klein,Da"]
[Black "Haast,M"]
[Result "1-0"]
[WhiteElo "2135"]
[BlackElo "2089"]

1.e4 d5 2.exd5 Qxd5 3.Nc3 Qd8 4.d4 Nf6 5.Nf3 Bg4 6.h3 Bxf3 7.Qxf3 c6 8.Be3 e6
9.O-O-O Nbd7 10.Kb1 Qa5 11.Bd3 Be7 12.g4 Nb6 13.Bd2 Na4 14.Nxa4 Qxa4 15.c4 Nd7
16.Rhe1 O-O 17.g5 g6 18.h4 Bb4 19.Bxb4 Qxb4 20.h5 Qa5 21.Qg4 Rae8 22.Rh1 f5
23.Qh4 Re7 24.hxg6 hxg6 25.Qh8+ Kf7 26.Qh7+ Ke8 27.Qxg6+ Kd8 28.f4 Qc7 29.Rh4 Qd6
30.Bc2 Kc7 31.Qh5 c5 32.dxc5 Qxc5 33.Rhh1 Qxc4 34.Qf3 Kb8 35.g6 Nf6 36.Qa3 Nd5
37.Rh7 Rc8 38.Qd6+ Ka8 39.Bd3 Qd4 40.Qe5 Qxe5 41.fxe5 a6 42.Bxf5 exf5 43.Rxd5 Re6
44.g7 Rg6 45.a3 Rg8 46.Rd7 Ka7 47.Rf7 a5 48.e6 a4 49.e7 Rc8 50.Rh1 Rg2 51.Rc1  1-0

[Event "Dutch Open"]
[Site "Dieren NED"]
[Date "2008.07.24"]
[Round "3"]
[White "Kampman,T"]
[Black "Vos,JP"]
[Result "1/2-1/2"]
[WhiteElo "1980"]
[BlackElo "2115"]

1.e4 d5 2.exd5 Qxd5 3.Nc3 Qd6 4.d4 Nf6 5.Nge2 c6 6.a3 Bf5 7.Bf4 Qd8 8.Qd2 e6
9.Ng3 Bg6 10.Be2 Bd6 11.Bxd6 Qxd6 12.Bf3 Nbd7 13.O-O O-O 14.Nce4 Qc7 15.c4 Rad8
16.Qc3 Qf4 17.Nxf6+ Nxf6 18.Rad1 Rd7 19.Ne2 Qf5 20.Rd2  1/2-1/2

[Event "Canadian Open"]
[Site "Montreal CAN"]
[Date "2008.07.24"]
[Round "6"]
[White "Kiran,M"]
[Black "Cheng,Bi"]
[Result "0-1"]
[WhiteElo "2246"]
[BlackElo "2333"]

1.e4 d5 2.exd5 Qxd5 3.Nc3 Qd6 4.d4 Nf6 5.Bd3 a6 6.Nge2 b5 7.Ne4 Qc6 8.N2g3 Nbd7
9.Qf3 Bb7 10.Nxf6+ Nxf6 11.Qxc6+ Bxc6 12.O-O e6 13.Re1 Be7 14.c3 O-O 15.Ne4 Nd5
16.Bg5 Bd6 17.Bc2 h6 18.Bd2 Nb6 19.Bb3 a5 20.a3 Rfd8 21.Rad1 Bf8 22.Bf4 Bd5
23.Bc2 Ra7 24.Bd3 Bb3 25.Rb1 Bc4 26.Bc2 Bd5 27.h4 b4 28.axb4 axb4 29.Ra1 Rda8
30.Rxa7 Rxa7 31.cxb4 Bxb4 32.Rc1 Nc4 33.Nc3 Nxb2 34.Nb5 Rb7 35.Nxc7 Bc4 36.Be4 Ra7
37.d5 exd5 38.Nxd5 Bf8 39.Be3 Ra5 40.Rc2 Bd3 41.Bxd3 Nxd3 42.Nb6 Bd6 43.Kf1 Bf4
44.Nc4 Ra1+ 45.Ke2 Ne1 46.Rd2 Nxg2 47.Rd8+ Kh7 48.Bd4 Rc1 49.Kf3 Bc7  0-1

[Event "III Open"]
[Site "Oviedo ESP"]
[Date "2008.07.24"]
[Round "2"]
[White "Lorenzo Alvarez,L"]
[Black "Camon Botella,M"]
[Result "0-1"]
[WhiteElo "1781"]
[BlackElo "1819"]

1.e4 d5 2.exd5 Qxd5 3.Nc3 Qd6 4.Bc4 Nf6 5.h3 a6 6.a3 Qc6 7.Bf1 Bf5 8.d3 e5
9.Nf3 Qe6 10.Be2 Nc6 11.O-O O-O-O 12.Bd2 h6 13.Re1 g5 14.Nh2 Rg8 15.Kh1 g4
16.Rg1 gxh3 17.g3 Nd4 18.Bf3 Nxf3 19.Nxf3 Ng4 20.Qf1 Qc6 21.Ne4 Bxe4 22.dxe4 Qxe4  0-1

[Event "1st Open"]
[Site "Paleochora GRE"]
[Date "2008.07.24"]
[Round "5"]
[White "Roy Chowdhury,S"]
[Black "Milanovic,Da"]
[Result "1/2-1/2"]
[WhiteElo "2411"]
[BlackElo "2529"]

1.e4 d5 2.exd5 Qxd5 3.Nc3 Qd6 4.d4 Nf6 5.Nf3 a6 6.g3 Bg4 7.Bg2 c6 8.O-O e6
9.Bg5 Nbd7 10.Qd2 Be7 11.Rfe1 O-O 12.h3 Bxf3 13.Bxf3 Nb6 14.Qd3  1/2-1/2

[Event "19th Czech Jihlavanka B Open"]
[Site "Pardubice CZE"]
[Date "2008.07.24"]
[Round "7"]
[White "Gutierrez Jimenez,J"]
[Black "Kantans,T"]
[Result "1-0"]
[WhiteElo "2311"]
[BlackElo "2148"]

1.e4 d5 2.exd5 Qxd5 3.Nc3 Qd6 4.Bc4 Nf6 5.d3 a6 6.Nf3 Bg4 7.h3 Bh5 8.g4 Bg6
9.Be3 Nc6 10.Qd2 O-O-O 11.O-O-O Na5 12.Bb3 Nxb3+ 13.axb3 e6 14.Bf4 Qb4 15.Rde1 Bd6
16.Bxd6 Rxd6 17.Ne5 Rhd8 18.f4 Nd7 19.f5 exf5 20.gxf5 Bh5 21.Nc4 Rd4 22.Qg5 g6
23.Re7 b5 24.Nd2 h6 25.Qe3 gxf5 26.Ne2 Bxe2 27.Qxe2 Qc5 28.Rf1 Nb6 29.Re5 Qc6
30.Kb1 R4d5 31.Qf3 Qd7 32.Rxf5 Rxf5 33.Qxf5 Nd5 34.Qxf7 Qxh3 35.Ne4 Ne3 36.Rf2 Qg4
37.Qf6 Qh5 38.Qxa6+ Kb8 39.Ka2 Qd5 40.Nf6 Rd6 41.Qa5 Qc6 42.Nd7+ Kb7 43.Rf8 Rxd7
44.Qa8+ Kb6 45.Rb8+ Kc5 46.Qa7+ Kd6 47.Qxe3 Qxc2 48.Qxh6+ Kc5 49.Qe3+ Kc6
50.Qe4+ Kd6 51.Rxb5 c5 52.Rb6+ Kc7 53.Qb7+ Kd8 54.Qb8+ Ke7 55.Qe5+ Kf8 56.Rf6+  1-0

[Event "19th Czech Chladek & Tintera A Open"]
[Site "Pardubice CZE"]
[Date "2008.07.24"]
[Round "7"]
[White "Jansa,Vl"]
[Black "Kantorik,M"]
[Result "1-0"]
[WhiteElo "2485"]
[BlackElo "2341"]

1.e4 d5 2.exd5 Qxd5 3.Nc3 Qd6 4.d4 Nf6 5.Nf3 Bg4 6.h3 Bxf3 7.Qxf3 c6 8.Be3 e6
9.O-O-O Qc7 10.Kb1 Nbd7 11.g4 Nb6 12.g5 Nfd5 13.Ne4 Nxe3 14.fxe3 O-O-O 15.Bg2 h6
16.Rhf1 Rd7 17.h4 Kb8 18.b3 Ba3 19.c4 hxg5 20.hxg5 Bf8 21.Rh1 Rxh1 22.Rxh1 Nc8
23.Rh8 Rd8 24.Kc2 e5 25.g6 f6 26.Qg3 Be7 27.Rxd8 Bxd8 28.dxe5 fxe5 29.Nc5 Bf6
30.Bh3 Nb6 31.Qg4 a5 32.Ne4 Be7 33.Qe6 Bb4 34.Qf7 Qe7 35.Bf5 Ka7 36.Qxe7 Bxe7
37.Ng3 Kb8 38.Kd3 Kc7 39.Ke4 Kd6 40.Bh3 Bf6 41.Nh5 Ke7 42.a4 Na8 43.Bc8 Nc7
44.Bxb7 c5 45.Bc8  1-0

[Event "Dutch Open"]
[Site "Dieren NED"]
[Date "2008.07.25"]
[Round "4"]
[White "Ootes,Le"]
[Black "Van Lanen,A"]
[Result "1-0"]
[WhiteElo "2064"]
[BlackElo "2152"]

1.e4 d5 2.exd5 Qxd5 3.Nc3 Qd6 4.d4 Nf6 5.Nf3 a6 6.g3 b5 7.Bg2 Bb7 8.O-O e6
9.Bf4 Qb6 10.a4 Bd6 11.Be3 c5 12.dxc5 Bxc5 13.Bxc5 Qxc5 14.axb5 axb5 15.Qd4 Qxd4
16.Nxd4 Bxg2 17.Kxg2 Rxa1 18.Rxa1 b4 19.Ra8 O-O 20.Ncb5 g6 21.h4 Nd5 22.Kf1 Nb6
23.Ra7 Nd5 24.Nd6 e5 25.Nb3 Nc6 26.Rb7 Nde7 27.Ke2 Rd8 28.Nc4 f6 29.Ne3 Ra8
30.Nc5 Ra2 31.Nc4 Kf8 32.Nd3 Ke8 33.Nxb4 Nxb4 34.Rxb4 Kd7 35.Rb6 Nd5 36.Rd6+  1-0

[Event "XXVI Andorra Open"]
[Site "La Massana AND"]
[Date "2008.07.25"]
[Round "7"]
[White "Perez Candelario,Man"]
[Black "Caspi,I"]
[Result "0-1"]
[WhiteElo "2537"]
[BlackElo "2412"]

1.e4 d5 2.exd5 Qxd5 3.Nc3 Qd6 4.d4 Nf6 5.Nf3 c6 6.Ne5 Nbd7 7.Nc4 Qc7 8.Qf3 Nb6
9.Bf4 Qd7 10.O-O-O Qg4 11.Qxg4 Bxg4 12.f3 Be6 13.Na5 O-O-O 14.Be5 Bf5 15.Bd3 Bxd3
16.Rxd3 e6 17.a3 Be7 18.Ne4 Nxe4 19.fxe4 f6 20.Bg3 Rd7 21.Rhd1 Rhd8 22.b4 Na4
23.Nb3 b6 24.c4 a5 25.Be1 axb4 26.axb4 c5 27.Kc2 cxb4 28.Ra1 Ra7 29.Rh3 h6
30.Rh5 e5 31.dxe5 fxe5 32.Bg3 b5 33.c5 Bg5 34.Be1 Rf8 35.Rh3 Rc7 36.Rd3 Rf4
37.Bxb4 Rf2+ 38.Kb1 Rb2+  0-1

[Event "19th Czech Chladek & Tintera A Open"]
[Site "Pardubice CZE"]
[Date "2008.07.25"]
[Round "8"]
[White "Smith,Ax"]
[Black "Epishin,V"]
[Result "0-1"]
[WhiteElo "2427"]
[BlackElo "2574"]

1.e4 d5 2.exd5 Qxd5 3.Nc3 Qd6 4.d4 Nf6 5.Nf3 c6 6.h3 Nbd7 7.Be2 e6 8.O-O Be7
9.Bg5 b5 10.Bh4 Qc7 11.Bg3 Bd6 12.Bxd6 Qxd6 13.Ng5 Qf4 14.Nf3 O-O 15.Qd2 Qc7
16.Ng5 a5 17.Nge4 Nd5 18.Nxd5 cxd5 19.Ng3 Ba6 20.a3 Rfc8 21.Bd3 Nf6 22.Rfe1 h6
23.Re3 b4 24.axb4 Bxd3 25.cxd3 axb4 26.Rxa8 Rxa8 27.Qxb4 Qc2 28.Re2 Qxd3
29.Rd2 Ra1+ 30.Kh2 Qb1 31.h4 g5 32.Qb8+ Kg7 33.Qe5 Qg1+ 34.Kh3 g4+  0-1

[Event "41st Festival MTO"]
[Site "Biel SUI"]
[Date "2008.07.26"]
[Round "6"]
[White "Maze,S"]
[Black "Benkovic,P"]
[Result "1-0"]
[WhiteElo "2553"]
[BlackElo "2479"]

1.e4 d5 2.exd5 Qxd5 3.Nc3 Qd6 4.d4 c6 5.Nf3 Bg4 6.h3 Bxf3 7.Qxf3 Qxd4 8.Be3 Qd8
9.Rd1 Qc7 10.Bc4 Nf6 11.g4 h6 12.O-O Nbd7 13.Bf4 e5 14.Bg3 Be7 15.h4 Rf8
16.Rfe1 O-O-O 17.a3 Ne8 18.Ne4 h5 19.g5 f5 20.gxf6 gxf6 21.Qxh5 f5 22.Qh7 Bd6
23.Ng5 f4 24.Bh2 Nef6 25.Qd3 Bc5 26.b4 e4 27.Qh3 Bxf2+ 28.Kxf2 e3+ 29.Kf1 Qe5
30.Be2 Ne4 31.Nxe4 Qxe4 32.Bg4 Qxc2 33.Qg2 Qc4+ 34.Qe2 Qe4 35.Qf3 Qh7 36.Rxd7 Rxd7
37.Rd1 Rd8 38.Qxf4 e2+ 39.Kxe2 Qc2+ 40.Rd2 Qxd2+ 41.Qxd2  1-0

[Event "Dutch Open"]
[Site "Dieren NED"]
[Date "2008.07.26"]
[Round "5"]
[White "Van Lanen,A"]
[Black "Van der Knijff,R"]
[Result "1-0"]
[WhiteElo "2152"]
[BlackElo "1998"]

1.e4 d5 2.exd5 Qxd5 3.Nc3 Qd6 4.d4 Nf6 5.Nf3 a6 6.g3 b5 7.Bg2 Bb7 8.O-O e6
9.Bf4 Qb6 10.a4 c5 11.dxc5 Bxc5 12.axb5 axb5 13.Qe2 O-O 14.Rxa8 Bxa8 15.Qxb5 Nbd7
16.Qxb6 Nxb6 17.Ng5 Bxg2 18.Kxg2 Bd4 19.Nd1 Nfd5 20.c3 Nxf4+ 21.gxf4 Bf6
22.Ne4 Bd8 23.Ne3 Bc7 24.Kf3 Rb8 25.b4 h6 26.Ra1 e5 27.f5 Rc8 28.c4  1-0

[Event "III Open"]
[Site "Oviedo ESP"]
[Date "2008.07.26"]
[Round "4"]
[White "Arroyo Figuero,F"]
[Black "Diaz Fernandez,I"]
[Result "0-1"]
[WhiteElo "1879"]
[BlackElo "2179"]

1.e4 d5 2.exd5 Qxd5 3.Nc3 Qd6 4.Nf3 Nf6 5.Be2 a6 6.O-O Nc6 7.d4 Bf5 8.a3 e6
9.b4 Ne4 10.Nxe4 Bxe4 11.c4 Be7 12.Bb2 Bf6 13.Nd2 Bg6 14.Nb3 O-O 15.Bf3 Rfd8
16.Nc5 Ra7 17.b5 axb5 18.cxb5 Na5 19.Qa4 b6 20.Na6 c6 21.Rac1 Bd3 22.Bxc6 Bxf1
23.Kxf1 Bxd4 24.Bxd4 Qxd4 25.Qxd4 Rxd4 26.Bf3 Kf8 27.Rc8+ Ke7 28.Rb8 Rad7
29.Rxb6 Nc4 30.Rb8 Nd2+ 31.Ke2 Nxf3 32.gxf3 Kd6 33.Rb6+ Ke5 34.Nc5 R7d5 35.Rc6 Kf4
36.b6 Rd2+ 37.Kf1 Kxf3 38.Nd3 R5xd3  0-1

[Event "19th Czech Chladek & Tintera A Open"]
[Site "Pardubice CZE"]
[Date "2008.07.26"]
[Round "9"]
[White "Gutenev,A"]
[Black "Stopa,Ja"]
[Result "1/2-1/2"]
[WhiteElo "2280"]
[BlackElo "2440"]

1.e4 d5 2.exd5 Qxd5 3.Nc3 Qd6 4.d4 Nf6 5.Nf3 c6 6.g3 Bf5 7.Bg2 e6 8.O-O Nbd7
9.Qe2 Be7 10.a3 Qc7 11.h3 O-O 12.Nh4 Bg6 13.Nxg6 hxg6 14.Rd1 Rfe8 15.Bg5 Rad8
16.Rd2 Qa5 17.h4 Nf8 18.Rad1 N8h7 19.Qe5 Qb6 20.Na4 Qa6 21.Nc5 Qb6 22.Na4 Qa6
23.Nc5 Qb6 24.Na4 Qa6  1/2-1/2

[Event "TIPC Open"]
[Site "Charleroi BEL"]
[Date "2008.07.27"]
[Round "2"]
[White "Saiboulatov,D"]
[Black "Spaens,K"]
[Result "1-0"]
[WhiteElo "2371"]
[BlackElo "1975"]

1.e4 d5 2.exd5 Qxd5 3.Nc3 Qd6 4.d4 Nf6 5.Bc4 a6 6.f3 b5 7.Bb3 c5 8.dxc5 Qxd1+
9.Nxd1 e6 10.Be3 Bb7 11.Nf2 Nbd7 12.Nd3 Rc8 13.a4 Nxc5 14.Nxc5 Bxc5 15.Bxc5 Rxc5
16.axb5 axb5 17.Ra7 Rc7 18.Ne2 Kd7 19.Nd4 Bc6 20.Ra5 b4 21.Kf2 Nd5 22.Ba4 Ke7
23.Bb5 Rhc8 24.Re1  1-0

[Event "III Open"]
[Site "Oviedo ESP"]
[Date "2008.07.28"]
[Round "6"]
[White "Olea Perez,M"]
[Black "Diaz Fernandez,I"]
[Result "1-0"]
[WhiteElo "2217"]
[BlackElo "2179"]

1.e4 d5 2.exd5 Qxd5 3.Nc3 Qd6 4.d4 Nf6 5.Bc4 a6 6.Bb3 b5 7.Nge2 Bb7 8.Bf4 Qd8
9.O-O e6 10.d5 exd5 11.Re1 Be7 12.Nd4 O-O 13.Nf5 Bc5 14.Qf3 Qc8 15.Bh6 Ne4
16.Bxd5 Nxf2 17.Bxb7 Ng4+ 18.Be3  1-0

[Event "Dutch Open"]
[Site "Dieren NED"]
[Date "2008.07.29"]
[Round "7"]
[White "Hachijan,A"]
[Black "Van der Knijff,R"]
[Result "1-0"]
[WhiteElo "2013"]
[BlackElo "1998"]

1.e4 d5 2.exd5 Qxd5 3.Nc3 Qd6 4.d4 Nf6 5.Nf3 a6 6.g3 Bg4 7.h3 Bh5 8.Bg2 Nc6
9.O-O e6 10.Bf4 Qd8 11.g4 Bg6 12.Ne5 Nd5 13.Nxd5 exd5 14.Nxc6 bxc6 15.Re1+ Be7
16.Qe2 Kf8 17.c4 h5 18.cxd5 hxg4 19.Qxg4 cxd5 20.Rac1 Rc8 21.Rc6 Kg8 22.Rxe7  1-0

[Event "Baltic Sea Cup"]
[Site "Bornholm DEN"]
[Date "2008.07.30"]
[Round "2"]
[White "Welz,P"]
[Black "Tiviakov,S"]
[Result "0-1"]
[WhiteElo "2169"]
[BlackElo "2645"]

1.e4 d5 2.exd5 Qxd5 3.Nc3 Qd6 4.d4 Nf6 5.Bc4 c6 6.Nge2 Bf5 7.Bf4 Qd8 8.h3 e6
9.Qd2 Nbd7 10.O-O Be7 11.Rfe1 O-O 12.Ng3 Bg6 13.Nge4 b5 14.Bd3 Nd5 15.Nxd5 cxd5
16.Ng3 Bxd3 17.Qxd3 Qb6 18.c3 b4 19.Re2 Rfc8 20.Rae1 Qa5 21.Bd2 Qxa2 22.Nf5 Bf8
23.Ne3 Qxb2 24.Ng4 bxc3 25.Qg3 Kh8 26.Bf4 c2 27.Qf3 Qa3 28.Be3 c1=Q 29.Qxf7 Qxe1+
30.Rxe1 Qe7 31.Qh5 Nf6  0-1

[Event "8th United Insurance"]
[Site "Dhaka BAN"]
[Date "2008.07.30"]
[Round "1"]
[White "Monir,A"]
[Black "Mohammed Abdul,M"]
[Result "0-1"]
[WhiteElo "2172"]
[BlackElo "2289"]

1.e4 d5 2.exd5 Qxd5 3.Nc3 Qd6 4.d4 Nf6 5.Nf3 a6 6.Be2 Bf5 7.O-O Nc6 8.a3 O-O-O
9.Be3 h6 10.b4 e5 11.b5 Nxd4 12.bxa6 Bxc2 13.axb7+ Kb8 14.Qc1 Bf5 15.Bxd4 exd4
16.Nb5 Qb6 17.Ne5 Bc5 18.Qf4 g6 19.a4 Nd5 20.Qf3 Qe6 21.Rfc1 Qxe5 22.Rxc5 Be4
23.Qb3 Bxg2 24.Nxc7 Qxe2 25.Kxg2 Ne3+ 26.Kg3 Qg4+  0-1

[Event "8th United Insurance"]
[Site "Dhaka BAN"]
[Date "2008.07.30"]
[Round "1"]
[White "Hasan,Me"]
[Black "Anisuzzaman,J"]
[Result "1-0"]
[WhiteElo "2264"]
[BlackElo "2153"]

1.e4 d5 2.exd5 Qxd5 3.Nc3 Qd6 4.d4 Nf6 5.Nf3 a6 6.g3 b5 7.Bg2 Bb7 8.O-O e6
9.Bf4 Qb6 10.a4 b4 11.a5 Qa7 12.Bxc7 Bxf3 13.Qxf3 Qxc7 14.Nb5 axb5 15.Qxa8 Bd6
16.a6 O-O 17.a7 Nd5 18.Bxd5 exd5 19.Qxd5  1-0

[Event "Dutch Open"]
[Site "Dieren NED"]
[Date "2008.07.30"]
[Round "8"]
[White "Kampman,T"]
[Black "Van der Knijff,R"]
[Result "1/2-1/2"]
[WhiteElo "1980"]
[BlackElo "1998"]

1.e4 d5 2.exd5 Qxd5 3.Nc3 Qd6 4.d4 Nf6 5.Nf3 a6 6.g3 g6 7.Bg2 Bg7 8.O-O O-O
9.Bf4 Qd8 10.Qd2 Nbd7 11.Bh6 Nb6 12.Bxg7 Kxg7 13.b3 c6 14.Rfe1 Bf5 15.Nh4 Bd7
16.Nd1 Re8 17.c4 Qc7 18.Qc3 Rad8 19.Nb2 Kg8 20.Nd3 Bg4 21.h3 Bc8 22.Re2 Nh5
23.Kh2 Nd7 24.Rae1 Ndf6 25.Nf3 Ng7 26.Nc5 b6 27.Ne4 Nxe4 28.Rxe4 c5 29.d5 e6
30.Nd2 Bb7 31.R4e2 exd5 32.Rxe8+ Rxe8 33.Rxe8+ Nxe8 34.cxd5 Qd7 35.Nc4 b5
36.Ne3 Qd6 37.a4 h5 38.Qa5 Nc7 39.Qc3 Kh7 40.Qd3 Kg8 41.Qe4 Kg7 42.f4 f6
43.Bf3 Bc8 44.f5 h4 45.Qxh4 Bxf5 46.Bg2 Bd7 47.Qe4 Kf7 48.Qh4  1/2-1/2

[Event "DOBA as GM CUP"]
[Site "Mlada Boleslav CZE"]
[Date "2008.07.30"]
[Round "5"]
[White "Priborsky,J"]
[Black "Kantans,T"]
[Result "1-0"]
[WhiteElo "2344"]
[BlackElo "2148"]

1.e4 d5 2.exd5 Qxd5 3.Nc3 Qd6 4.d4 Nf6 5.Nf3 a6 6.g3 Bg4 7.Bg2 Nc6 8.O-O O-O-O
9.d5 Nb4 10.Bf4 Qc5 11.Be3 Qd6 12.Bf4 Qc5 13.Be3 Qd6 14.h3 Bh5 15.Qe2 e5
16.dxe6 Qxe6 17.g4 Bg6 18.Ng5 Qd7 19.Rad1 Bd6 20.a3 c5 21.axb4 cxb4 22.Rd4 Rhe8
23.Bf4  1-0